Introduction to Management Accounting (Record no. 2032)

MARC details
005 - DATE AND TIME OF LATEST TRANSACTION
control field 20250628125751.0
020 ## - INTERNATIONAL STANDARD BOOK NUMBER
International Standard Book Number 0-13-487264-9
082 ## - DEWEY DECIMAL CLASSIFICATION NUMBER
Classification number 658.151 HOR
100 ## - MAIN ENTRY--PERSONAL NAME
Author name HORNGREN, C. T.
245 ## - TITLE STATEMENT
Title Introduction to Management Accounting
250 ## - EDITION STATEMENT
Edition statement 12th Ed
260 ## - PUBLICATION, DISTRIBUTION, ETC.
Place of publication, distribution, etc. London,
Name of publisher, distributor, etc. Prentice-Hall International,
Date of publication, distribution, etc. 1981.
300 ## - PHYSICAL DESCRIPTION
Extent xvi, 636p.: ill.; table,
Other physical details glossary & index,
Dimensions 24cm.
942 ## - ADDED ENTRY ELEMENTS (KOHA)
Source of classification or shelving scheme Dewey Decimal Classification
Koha item type Books
Holdings
Date last seen Total checkouts Full call number Barcode Cost, replacement price Price effective from Koha item type Lost status Source of classification or shelving scheme Damaged status Not for loan Withdrawn status Home library Current library Shelving location Date acquired Cost, normal purchase price
06/28/2025   658.15'11 HOR DOM0001297 30000.00 06/28/2025 Books   Dewey Decimal Classification       CBE Dodoma CBE Dodoma General Collection 06/05/1985 10000.00
05/06/2025   658.151 HOR 0000007760 30000.00 05/06/2025 Books   Dewey Decimal Classification       College of Business Education Main Library College of Business Education Main Library General Collection 06/05/1985 10000.00
05/06/2025   658.151 HOR 0000007761 30000.00 05/06/2025 Books   Dewey Decimal Classification       College of Business Education Main Library College of Business Education Main Library General Collection 06/05/1985 10000.00